|
|
|
|
| LEADER |
01352nam a2200265 a 4500 |
| 001 |
GR-MES14877 |
| 008 |
011228m19959999gr 000 0 gre d |
| 020 |
|
|
|a 9600211191
|
| 040 |
|
|
|a GrPaTEI
|b gre
|c GR-PaULI
|
| 040 |
|
|
|a GrPaTEI
|b gre
|c GR-PaULI
|
| 044 |
|
|
|b gr
|
| 082 |
|
0 |
|a 332.1
|2 21
|
| 100 |
1 |
|
|a Φίλιος, Βασίλειος Φ.
|
| 245 |
1 |
0 |
|a Σύγχρονη οργάνωση και διοίκηση χρηματοπιστωτικών ιδρυμάτων :
|b Τραπεζική μορφολογία /
|c Βασ. Φ. Φίλιος
|n Τόμος: Α'.
|
| 250 |
|
|
|a 1η έκδ.
|
| 260 |
|
|
|a Αθήνα :
|b Παπαζήσης,
|c 1995-
|
| 300 |
|
|
|a 220 σ. ;
|c 21 εκ.
|
| 504 |
|
|
|a Περιλαμβάνει βιβλιογραφία.
|
| 505 |
1 |
|
|a Τ.1: Τραπεζική μορφολογία (Οι σύγχρονες μορφές τραπεζικής δραστηριοποίησης)
|
| 650 |
|
4 |
|a Τράπεζες και τραπεζικές εργασίες-Διοίκηση και οργάνωση
|
| 655 |
|
|
|a Μονογραφία
|
| 942 |
|
|
|2 ddc
|
| 952 |
|
|
|0 0
|1 0
|2 ddc
|4 0
|6 332_100000000000000_ΦΙΛ
|7 0
|9 272755
|a MSLG
|b MSLG
|c BSC
|d 2021-01-17
|e 24
|f 0
|g 0.00
|l 0
|o 332.1 ΦΙΛ
|p 2420000023391
|r 2021-01-17 00:00:00
|t 1
|w 2021-01-17
|y BK15
|x 20090306 0 ΤΣΑΝΤΑΡΛΙΩΤΗ 1
|x GrPaTEI
|
| 971 |
|
|
|a .b2580926x
|b 16-04-20
|c 13-09-16
|
| 999 |
|
|
|c 157801
|d 157801
|